000 00937nam a2200265 a 4500
001 43271
003 BD-RjUL
005 20211209053656.0
008 160620s1946 nyua b 001 0 eng d
035 _a(BD-RjUL) 43389
040 _aDLC
_cWSU
_dSER
_dEQO
_dBD-RjUL
_beng
041 _aeng
082 _a371.2
_223
_bMOP 1946
100 1 _aMort, Paul R.,
_d1894-1962.
_9132915
245 1 0 _aPrinciples of school administration :
_ba synthesis of basic concepts /
_cby Paul R. Mort
250 _a1st ed
260 _aNew York ;
_aLondon :
_bMcGraw-Hill book company, inc,
_c c 1946
300 _axiv, 388 p. :
_bill. ;
_c23 cm
490 1 _aMcGraw-Hill series in education
500 _aIncludes index.
504 _a"Selected readings" at the end of each chapter. "Superintendent's library": p. 333-335
650 0 _aSchool management and organization
_9125424
830 0 _aMcGraw-Hill series in education
_9150374
942 _2ddc
_cBK
999 _c43271
_d43271